00539 2200205 4500001002100000005001500021035002000036007000300056008004100059020001800100082001000118084001700128100001500145245005300160260003600213300002800249650003000277504001600307990001000323INLIS00000000000242020250321101728 a0010-0325000453ta250321 g 1 ind  a979-28-1202-2 aF/813 aF/813 RIA w0 aRiana Wati1 aWarna Warni Dongeng Bocah :bFiksi /cRiana Wati aKlaten :bIntan Pariwara,c2016 a68 hlm :bllus ;c25 Cm 4aWarna Warni Dongeng Bocah aBibliografi a04197